000075604 001__ 75604
000075604 005__ 20190709135458.0
000075604 0247_ $$2doi$$a10.1016/j.ijhydene.2016.12.109
000075604 0248_ $$2sideral$$a99007
000075604 037__ $$aART-2017-99007
000075604 041__ $$aeng
000075604 100__ $$aGarcía-Díez, E.
000075604 245__ $$aAutothermal chemical looping reforming process of different fossil liquid fuels
000075604 260__ $$c2017
000075604 5060_ $$aAccess copy available to the general public$$fUnrestricted
000075604 5203_ $$aThe autothermal Chemical-Looping Reforming (a-CLR) is a process where syngas is produced with two main advantages; there are captured CO2 emissions and the heat required for the syngas production is generated by the process itself. A Ni-based material is used as oxygen carrier circulating between two fluidized bed reactors: the fuel and air reactors. In this work, the auto-thermal conditions in a global H2 production process, integrated by the a-CLR process and a Water Gas Shift reactor, using different liquid fossil fuels were theoretically determined. The hydrogen production per mol of carbon in the fuel was similar for all fossil fuels, taking a value of 2.2 at the optimal operating temperature (700 °C). In addition, the possibility of working at low temperature for a maximum H2 production was experimentally demonstrated in a continuous 1 kWth a-CLR unit.
000075604 536__ $$9info:eu-repo/grantAgreement/ES/DGA/T06$$9info:eu-repo/grantAgreement/ES/MICINN/ENE2011-26354
000075604 540__ $$9info:eu-repo/semantics/openAccess$$aby-nc-nd$$uhttp://creativecommons.org/licenses/by-nc-nd/3.0/es/
000075604 590__ $$a4.229$$b2017
000075604 591__ $$aCHEMISTRY, PHYSICAL$$b42 / 146 = 0.288$$c2017$$dQ2$$eT1
000075604 591__ $$aENERGY & FUELS$$b24 / 97 = 0.247$$c2017$$dQ1$$eT1
000075604 591__ $$aELECTROCHEMISTRY$$b8 / 28 = 0.286$$c2017$$dQ2$$eT1
000075604 592__ $$a1.116$$b2017
000075604 593__ $$aCondensed Matter Physics$$c2017$$dQ1
000075604 593__ $$aEnergy Engineering and Power Technology$$c2017$$dQ1
000075604 593__ $$aFuel Technology$$c2017$$dQ1
000075604 593__ $$aRenewable Energy, Sustainability and the Environment$$c2017$$dQ2
000075604 655_4 $$ainfo:eu-repo/semantics/article$$vinfo:eu-repo/semantics/acceptedVersion
000075604 700__ $$0(orcid)0000-0002-5857-0976$$aGarcía-Labiano, F.
000075604 700__ $$0(orcid)0000-0002-4106-3441$$ade Diego, L.F.
000075604 700__ $$aAbad, A.
000075604 700__ $$aGayán, P.
000075604 700__ $$0(orcid)0000-0002-6287-098X$$aAdánez, J.
000075604 773__ $$g42, 19 (2017), 13633-13640$$pInt. j. hydrogen energy$$tInternational Journal of Hydrogen Energy$$x0360-3199
000075604 8564_ $$s1070293$$uhttps://zaguan.unizar.es/record/75604/files/texto_completo.pdf$$yPostprint
000075604 8564_ $$s96036$$uhttps://zaguan.unizar.es/record/75604/files/texto_completo.jpg?subformat=icon$$xicon$$yPostprint
000075604 909CO $$ooai:zaguan.unizar.es:75604$$particulos$$pdriver
000075604 951__ $$a2019-07-09-11:45:10
000075604 980__ $$aARTICLE